<?xml version="1.0" encoding="UTF-8"?>
<record
    xmlns:xsi="http://www.w3.org/2001/XMLSchema-instance"
    xsi:schemaLocation="http://www.loc.gov/MARC21/slim http://www.loc.gov/standards/marcxml/schema/MARC21slim.xsd"
    xmlns="http://www.loc.gov/MARC21/slim">

  <leader>01789cab a2200301Ia 45 0</leader>
  <controlfield tag="001">u158986</controlfield>
  <controlfield tag="003">SIRSI</controlfield>
  <controlfield tag="008">100228s2008    ua     ss b         eng d</controlfield>
  <datafield tag="040" ind1=" " ind2=" ">
    <subfield code="a">EAL</subfield>
  </datafield>
  <datafield tag="041" ind1=" " ind2=" ">
    <subfield code="a">eng</subfield>
    <subfield code="b">ara</subfield>
  </datafield>
  <datafield tag="090" ind1=" " ind2=" ">
    <subfield code="a">ART AAS V53 No1 6</subfield>
  </datafield>
  <datafield tag="100" ind1="1" ind2=" ">
    <subfield code="a">Elbatawi, I. E.</subfield>
  </datafield>
  <datafield tag="240" ind1="1" ind2="0">
    <subfield code="a">Annals of agricultural science, 2008 v. 53 (1)</subfield>
    <subfield code="h">[electronic resource]</subfield>
  </datafield>
  <datafield tag="245" ind1="1" ind2="0">
    <subfield code="a">Detecting rice quality as influenced by hulling visible and near-infrared spectroscopy[electronic resource].</subfield>
  </datafield>
  <datafield tag="246" ind1="1" ind2="5">
    <subfield code="a">&#x627;&#x644;&#x643;&#x634;&#x641; &#x639;&#x644;&#x649; &#x62C;&#x648;&#x62F;&#x629; &#x645;&#x62D;&#x635;&#x648;&#x644; &#x627;&#x644;&#x623;&#x631;&#x632; &#x648;&#x627;&#x644;&#x62A;&#x649; &#x62A;&#x62A;&#x623;&#x62B;&#x631; &#x628;&#x639;&#x645;&#x644;&#x64A;&#x629; &#x627;&#x644;&#x62A;&#x642;&#x634;&#x64A;&#x631; &#x648;&#x630;&#x644;&#x643; &#x628;&#x627;&#x633;&#x62A;&#x62E;&#x62F;&#x627;&#x645; &#x627;&#x644;&#x62A;&#x62D;&#x644;&#x64A;&#x644; &#x627;&#x644;&#x637;&#x64A;&#x641;&#x649; &#x644;&#x644;&#x623;&#x634;&#x639;&#x629; &#x62A;&#x62D;&#x62A; &#x627;&#x644;&#x62D;&#x645;&#x631;&#x627;&#x621;.</subfield>
  </datafield>
  <datafield tag="300" ind1=" " ind2=" ">
    <subfield code="a">p.77-88.</subfield>
  </datafield>
  <datafield tag="504" ind1=" " ind2=" ">
    <subfield code="a">Includes reference.</subfield>
  </datafield>
  <datafield tag="520" ind1=" " ind2=" ">
    <subfield code="a">Visible and near-infrared (VIS/NIR) spectroscopy calibration models for rice taste evaluation were developed Sakha, 101 short-grain rice variety. The best performance calibration model was obtained from original spectra of whole grain milled rice using multiple linear regression (MLR) analysis. The correlation coefficient (R&#xB2;) and the standard error of prediction (SEP) of the validation set was 0.83 and 0.31, respectively for estimated taste value. Ncar-infrared transmission (NIRT) spectroscopy wns used in an nttempt to predict moisture content, protein content and amylose content from un-dried whole grain rough and milled rice spectra.</subfield>
  </datafield>
  <datafield tag="546" ind1=" " ind2=" ">
    <subfield code="a">Summary in Arabic.</subfield>
  </datafield>
  <datafield tag="650" ind1=" " ind2="0">
    <subfield code="a">Rice</subfield>
    <subfield code="x">Quality.</subfield>
  </datafield>
  <datafield tag="650" ind1=" " ind2="0">
    <subfield code="a">Rice</subfield>
    <subfield code="x">Hulling</subfield>
  </datafield>
  <datafield tag="650" ind1=" " ind2="0">
    <subfield code="a">Near infrared spectroscopy</subfield>
  </datafield>
  <datafield tag="650" ind1=" " ind2="0">
    <subfield code="a">Infrared radiation.</subfield>
  </datafield>
  <datafield tag="700" ind1="1" ind2=" ">
    <subfield code="a">Arafa, G. K.</subfield>
  </datafield>
  <datafield tag="773" ind1="0" ind2=" ">
    <subfield code="t">Annals of agricultural science. </subfield>
    <subfield code="g">2008.v.53(1)</subfield>
    <subfield code="x">0570-1783</subfield>
    <subfield code="7">nnas</subfield>
    <subfield code="w">u157971</subfield>
  </datafield>
  <datafield tag="856" ind1="4" ind2="0">
    <subfield code="u">http://nile.enal.sci.eg/EALE/2009/AAS/5308/1/77.pdf</subfield>
    <subfield code="z">Full Text Article</subfield>
  </datafield>
  <datafield tag="596" ind1=" " ind2=" ">
    <subfield code="a">1</subfield>
  </datafield>
  <datafield tag="942" ind1=" " ind2=" ">
    <subfield code="c">AR</subfield>
    <subfield code="2">lcc</subfield>
  </datafield>
  <datafield tag="999" ind1=" " ind2=" ">
    <subfield code="c">36608</subfield>
    <subfield code="d">36608</subfield>
  </datafield>
</record>
